000 01209nam0a2200337 i 4500
001 RU\NLR\bibl\1923880
005 20260406071344.0
010 _a9785399003641
_95000
021 _aRU
_b2012-45263
_93328
035 _a(NLR Aleph) 001913305
090 _a3205986
_c3205986
100 _a20101011d2012 u y0rusy50 ca
101 1 _arus
_ceng
102 _aRU
105 _ay zzzz|||||
200 1 _aВдохновение на каждый день
_e[перевод с английского]
_fРобин Шарма
210 _aМосква
_cСофия
_d2012
215 _a190, [1] с.
_cил.
_d17
300 _aЗагл. на доп. тит. л.: Daily inspiration from the monk who sold his ferrari
517 0 _aDaily inspiration from the monk who sold his ferrari / Robin Sharma
606 _aДуховные практики
_92140377
_3RU\NLR\auth\661290122
686 _aЮ937.231
686 _aЮ969
700 1 _4070
_8rus
_7ca
_aШарма
_bР. С.
_f1965-
_gРобин С.
_3RU\NLR\AUTH\7727943
_910974
801 0 _aRU
_bРГБ
_c20101011
_grcr
801 1 _aRU
_bРГБ
_c20101011
801 2 _aRU
_bNLR
_c20120712
_grcr
942 _cBOOK
980 _aNBR